Państwa najbliżej nieznanego państwa #2 - Statystyki

Ogólne statystyki
  • Ten quiz został rozwiązany 181 razy
  • Średni wynik to 13 z 25
Statystyki odpowiedzi
Litera Państwo % Poprawnych
O Oman
83%
Ł Łotwa
82%
V Vanuatu
73%
Z Zambia
68%
P Polska
66%
D Dania
65%
U Ukraina
63%
A Argentyna
62%
B Brazylia
62%
I Indonezja
58%
J Japonia
55%
W Wenezuela
52%
R Republika Południowej Afryki
49%
F Filipiny
48%
E Egipt
47%
H Honduras
47%
G Grecja
45%
N Niemcy
42%
M Meksyk
38%
S Szwecja
38%
L Liban
35%
C Chorwacja
28%
T Tajlandia
27%
K Kenia
26%
Nieznane państwo Tak naprawdę nie ma żadnego nieznanego państwa. Po prostu wpisywałem losowe państwa. Wesołego prima aprilis :)
1%
Nie znaleziono quizów pasujących do podanych kryteriów
Rozkład punktacji
Procent ludzi z każdym wynikiem
Percentyl według liczby udzielonych odpowiedzi
Twoja historia wyników
Nie rozwiązałeś tego quizu